Detalles MARC
| 000 -LEADER |
| fixed length control field |
01109cam a2200349 i 4500 |
| 001 - CONTROL NUMBER |
| control field |
0000517 |
| 003 - CONTROL NUMBER IDENTIFIER |
| control field |
DO-SdBNP |
| 005 - DATE AND TIME OF LATEST TRANSACTION |
| control field |
20171211120254.0 |
| 007 - PHYSICAL DESCRIPTION FIXED FIELD--GENERAL INFORMATION |
| fixed length control field |
0000517 |
| 008 - FIXED-LENGTH DATA ELEMENTS--GENERAL INFORMATION |
| fixed length control field |
100514s2005 ck | g||| 000 f fpspa |
| 015 ## - NATIONAL BIBLIOGRAPHY NUMBER |
| National bibliography number |
|
| 017 ## - COPYRIGHT OR LEGAL DEPOSIT NUMBER |
| Copyright or legal deposit number |
|
| Assigning agency |
|
| 020 ## - INTERNATIONAL STANDARD BOOK NUMBER |
| International Standard Book Number |
9587042662 |
| 035 ## - SYSTEM CONTROL NUMBER |
| System control number |
|
| 040 ## - CATALOGING SOURCE |
| Original cataloging agency |
BPMSU |
| Language of cataloging |
spa |
| Transcribing agency |
BPMSU |
| Description conventions |
|
| 080 ## - UNIVERSAL DECIMAL CLASSIFICATION NUMBER |
| Universal Decimal Classification number |
|
| 082 ## - DEWEY DECIMAL CLASSIFICATION NUMBER |
| Classification number |
Pe864.44 |
| Item number |
V297te |
| 100 1# - MAIN ENTRY--PERSONAL NAME |
| Personal name |
Vargas Llosa, Mario, |
| Dates associated with a name |
1936- |
| 245 13 - TITLE STATEMENT |
| Title |
La tentación de lo imposible: |
| Remainder of title |
Victor Hugo y Los miserables / |
| Medium |
|
| Statement of responsibility, etc. |
Mario Vargas Llosa |
| 260 ## - PUBLICATION, DISTRIBUTION, ETC. (IMPRINT) |
| Place of publication, distribution, etc. |
Colombia : |
| Name of publisher, distributor, etc. |
Alfaguara, |
| Date of publication, distribution, etc. |
2005. |
| 300 ## - PHYSICAL DESCRIPTION |
| Extent |
223 p.: |
| Dimensions |
23 cm |
| 500 ## - GENERAL NOTE |
| General note |
Incluye datos biográficos del autor en la solapa. |
| 500 ## - GENERAL NOTE |
| General note |
La biblioteca posee la primera reimpresión de julio del 2005. |
| 586 ## - AWARDS NOTE |
| Awards note |
Premio Nobel de literatura 2010. |
| 600 ## - SUBJECT ADDED ENTRY--PERSONAL NAME |
| Personal name |
HUGO, VICTOR, |
| Dates associated with a name |
1802-1885 |
| Title of a work |
LOS MISERABLES |
| General subdivision |
CRÍTICA E INTERPRETACIÓN |
| 650 ## - SUBJECT ADDED ENTRY--TOPICAL TERM |
| Topical term or geographic name as entry element |
ENSAYOS PERUANOS |
| 650 ## - SUBJECT ADDED ENTRY--TOPICAL TERM |
| Topical term or geographic name as entry element |
LITERATURA PERUANA |
| 650 ## - SUBJECT ADDED ENTRY--TOPICAL TERM |
| Topical term or geographic name as entry element |
LITERATURA FRANCESA |
| General subdivision |
HISTORIA Y CRÍTICA |
| 942 ## - ADDED ENTRY ELEMENTS (KOHA) |
| Source of classification or shelving scheme |
Dewey Decimal Classification |
| Koha item type |
Libros |
| 945 ## - LOCAL PROCESSING INFORMATION (OCLC) |
| a |
Inventariado extranjero / 2017 VM |
| 956 ## - LOCAL ELECTRONIC LOCATION AND ACCESS (OCLC) |
| Host name |
YLOCKWARD |
| Field link and sequence number |
10 |
| Compression information |
BPMSU |